Countries with the Death Penalty - Sudden Death - Statistics

General Stats
  • This quiz has been taken 217 times
  • The average score is 5 of 13
Answers on the Grid
Answers color-coded by a green-red scale on the quiz's grid according to % correct below.
Afghanistan
Argentina
Australia
Belarus
Cambodia
Canada
China
Egypt
France
Greece
India
Iran
Japan
Jordan
Kazakhstan
Kuwait
Madagascar
Mexico
Mongolia
Nepal
Oman
Singapore
South Africa
Turkey
Ukraine
United States
Venezuela
Vietnam
 
Answer Stats
Answer % Correct
Afghanistan
87%
United States
63%
Iran
57%
China
51%
Egypt
45%
Belarus
42%
Oman
34%
Japan
32%
Kuwait
31%
Jordan
28%
Singapore
25%
India
21%
Vietnam
20%
No matching quizzes found
Score Distribution
Percent of People with Each Score
Percentile by Number Answered
Your Score History
You have not taken this quiz